000 00663nam a2200277Ia 4500
005 20260324123052.0
008 008 260324s9999 xx 000 0 eng d
020 _a9780203110119
037 _aEBOOK
040 _aCRL
040 _beng
040 _cCRL
041 _2eng
041 _aeng
084 _qCRL
100 _aYeping Li; Rongjin Huang
_91168900
245 0 _aHow Chinese Teach Mathematics and Improve Teaching
260 _bTaylor and Francis
260 _c2012
365 _a
365 _b240
856 _uhttp://www.taylorfrancis.com/books/9780203110119
942 _cEBOOK
999 _c1762099
_d1762099